| 000 | 00588nam a22002057a 4500 | ||
|---|---|---|---|
| 999 |
_c14131 _d14131 |
||
| 003 | AR-CdUCM | ||
| 008 | 190422b ||||| |||| 00| 0 spa d | ||
| 040 |
_aMUNICIPALIDAD PROVINCIAL DEL CUSCO _cBIBLIOTECA MUNICIPAL DEL CUSCO |
||
| 082 |
_a808.81 / _bD97 |
||
| 100 |
_aDunn, Judy _932799 |
||
| 245 | _aEl corderito / | ||
| 260 |
_aNueva York : _bRandom editores, _c1981. |
||
| 300 |
_a30 paginas ; _bilustraciones, _c20 cm. |
||
| 500 | _aCuento | ||
| 650 |
_aCuento _94671 |
||
| 650 |
_aHistoria _9136 |
||
| 650 |
_aLiteratura _983 |
||
| 942 |
_2ddc _cLIBROS |
||
| 945 |
_apjha _d2019-04-22 |
||